| 000 | 00548nam a22001937a 4500 | ||
|---|---|---|---|
| 999 |
_c525410 _d525410 |
||
| 003 | NUST | ||
| 005 | 20190702054351.0 | ||
| 008 | 190702b ||||| |||| 00| 0 eng d | ||
| 038 | _aWaseem | ||
| 082 |
_a891.491101 _bAKH |
||
| 100 |
_aAkhtar, Syed Ali Irfan _916273 |
||
| 245 |
_aAdab de moti / _cSyed Ali Irfan Akhtar |
||
| 260 |
_aLahore : _bLahran adbi board, _c2005. |
||
| 300 | _a176 p. ; | ||
| 500 | _aPaperback. | ||
| 880 |
_6100-01\r _aسید علی عرفان اختر |
||
| 880 |
_6245-02\r _a /ادب دے موتی |
||
| 942 |
_2ddc _cBK |
||